[Event "Wch Seniors 65 29th"]
[Site "Bucharest"]
[Date "2019.11.23"]
[Round "11.91"]
[White "Ionita, Gheorghe"]
[Black "Dvorsky, David"]
[Result "1/2-1/2"]
[WhiteElo "1360"]
[BlackElo "1313"]
[PlyCount "110"]
[EventDate "2019.11.12"]
[EventType "swiss"]
[EventRounds "11"]

1. e4 e5 2. Nf3 Nc6 3. d4 exd4 4. c3 Nf6 5. e5 Ne4 6. cxd4 Bb4+ 7. Bd2 Nxd2 8.
Nbxd2 d5 9. a3 Be7 10. Qc2 Be6 11. O-O-O a5 12. Bd3 g6 13. h4 Qd7 14. Kb1 Bf5
15. Rc1 Bxd3 16. Qxd3 Qf5 17. Rc3 Qxd3+ 18. Rxd3 a4 19. Ng5 h6 20. Nh3 b5 21.
Nf4 Rd8 22. e6 Bd6 23. exf7+ Kxf7 24. Nxd5 b4 25. Rc1 Ke6 26. Nxc7+ Kd7 27. Nb5
bxa3 28. Nxd6 axb2 29. Rc2 Nb4 30. Nf7 Nxd3 31. Nxh8 Rxh8 32. Rc3 Nxf2 33. Ra3
Kc6 34. Rxa4 Kb5 35. Ra3 Rd8 36. Nf3 Kb4 37. Kxb2 g5 38. hxg5 hxg5 39. Rb3+ Ka5
40. Ne5 Rc8 41. d5 Nd1+ 42. Ka3 Rc1 43. Nc6+ Ka6 44. Nd4 Rc3 45. d6 Rxb3+ 46.
Kxb3 Kb7 47. Kb4 Ne3 48. g3 Kc8 49. Kc3 Kd7 50. Kd3 Nd5 51. Nf5 Nf6 52. Nh6 Nh5
53. g4 Nf6 54. Kd4 Nxg4 55. Nxg4 Kxd6 1/2-1/2

[Event "World Senior Chess Championship 2019 - "]
[Site "Bucharest"]
[Date "2019.11.22"]
[Round "10.89"]
[White "Gunnarsson, Lennart"]
[Black "Ionita, Gheorghe"]
[Result "1-0"]
[WhiteElo "1786"]
[BlackElo "1360"]
[PlyCount "89"]
[EventDate "2019.??.??"]

{[%evp 0,79,19,25,23,8,0,6,6,-8,-10,12,15,3,8,1,13,-6,-6,0,0,0,3,12,29,21,23,
16,68,73,58,54,104,103,104,130,322,339,426,438,481,516,509,385,433,393,405,405,
405,412,434,398,392,402,436,419,457,457,498,485,520,483,495,489,495,502,494,
487,537,535,595,473,489,484,619,587,637,592,637,637,637,629]} 1. d4 Nf6 2. c4
e6 3. Nc3 d5 4. Bg5 Bb4 5. e3 Nbd7 6. a3 Bxc3+ 7. bxc3 h6 8. Bxf6 Nxf6 9. Nf3
O-O 10. Ne5 Ne4 11. Qc2 Qg5 12. h4 Qe7 13. Bd3 Nd6 14. c5 Nf5 15. h5 Qg5 16. g4
Nh4 17. f4 Qe7 18. Qf2 f6 19. Qxh4 Qe8 20. Ng6 Rf7 21. O-O Bd7 22. Qf2 Bb5 23.
Bxb5 Qxb5 24. Qc2 Re8 25. a4 Qd7 26. Qe2 Qd8 27. Rab1 c6 28. Rb3 f5 29. Ne5 Rc7
30. Rf2 Qh4 31. Rh2 Qg3+ 32. Rg2 Qh4 33. Qf2 Qf6 34. Qg3 fxg4 35. Qxg4 Kh8 36.
Qg6 Qf8 37. Rgb2 Ree7 38. Qg4 Kg8 39. Ng6 Qf7 40. Nxe7+ Rxe7 41. Qg6 b5 42.
Qxf7+ Rxf7 43. axb5 cxb5 44. Rxb5 Rf5 45. c6 1-0

[Event "World Senior Chess Championship 2019 - "]
[Site "Bucharest"]
[Date "2019.11.21"]
[Round "9.85"]
[White "Ionita, Gheorghe"]
[Black "Brouwer, Willem"]
[Result "0-1"]
[WhiteElo "1360"]
[BlackElo "1718"]
[PlyCount "62"]
[EventDate "2019.??.??"]

{[%evp 0,62,19,28,17,19,19,16,17,17,18,-16,41,3,40,33,12,-16,-11,-55,-37,-29,
-24,-56,-50,-26,-16,-86,-106,-88,-103,-258,-258,-274,-205,-203,-218,-239,-213,
-277,-277,-322,-262,-250,-253,-255,-255,-277,-282,-275,-351,-407,-358,-537,
-427,-520,-523,-537,-763,-764,-805,-952,-1223,-29991,-29986]} 1. e4 e5 2. Nf3
Nf6 3. d4 Nxe4 4. dxe5 d5 5. Bd3 Nc5 6. O-O Bg4 7. Bf4 Be7 8. c3 O-O 9. b4 Nxd3
10. Qxd3 Nc6 11. Re1 a6 12. Nbd2 Qd7 13. Re3 Bf5 14. Qe2 d4 15. Rd3 Bxd3 16.
Qxd3 Rad8 17. a3 dxc3 18. Qxc3 Qf5 19. Qe3 Rd3 20. Qe2 Rfd8 21. Bg3 Nd4 22.
Nxd4 R8xd4 23. Nf1 Qd7 24. f4 Rd1 25. Ra2 Rc1 26. Kf2 c5 27. Qb2 Rcd1 28. Qc3
cxb4 29. axb4 Bxb4 30. Qe3 Bc5 31. Qc3 Rc4+ 0-1

[Event "World Senior Chess Championship 2019 - "]
[Site "Bucharest"]
[Date "2019.11.20"]
[Round "8.92"]
[White "Degtiarev, Viktor"]
[Black "Ionita, Gheorghe"]
[Result "0-1"]
[WhiteElo "1653"]
[BlackElo "1360"]
[PlyCount "96"]
[EventDate "2019.??.??"]

{[%evp 0,67,19,11,46,40,85,36,10,-55,-48,-37,-50,-124,-88,-76,-61,-70,-64,-66,
-67,-65,-42,-65,-33,-89,-15,-49,8,-24,107,99,133,127,132,133,146,101,130,66,
113,103,118,-236,-233,-250,-255,-255,-140,-203,-76,-84,-96,-78,-76,-288,-209,
-329,-286,-302,-265,-303,-302,-315,-319,-337,-353,-404,-404,-373]} 1. e4 c5 2.
a3 g6 3. b4 Bg7 4. c3 d5 5. exd5 Qxd5 6. Bb2 Nf6 7. Nf3 Nc6 8. bxc5 Qxc5 9. d4
Qb6 10. Qc1 O-O 11. Nbd2 Bf5 12. Be2 Rfe8 13. O-O e5 14. dxe5 Nxe5 15. Nxe5
Rxe5 16. Nc4 Qc7 17. Nxe5 Qxe5 18. Bf3 Ng4 19. g3 Qc7 20. c4 Ne5 21. Bd5 Nd3
22. Qe3 Nxb2 23. Rac1 Bd3 24. Rfe1 Bxc4 25. Bxc4 Nxc4 26. Qb3 Nd2 27. Qd3 Qa5
28. Qe3 b5 29. Red1 Nc4 30. Qc5 Bf8 31. Qc6 Rb8 32. Rd5 Qxa3 33. Re1 Qf3 34.
Qc7 Qxd5 35. Qxb8 Qc5 36. Re8 a5 37. Rc8 Qb4 38. Rc7 a4 39. Rb7 Nd6 40. Ra7 Ne4
41. Kg2 Qc5 42. Ra8 Qxf2+ 43. Kh3 Ng5+ 44. Kh4 Qc5 45. Qd8 h6 46. Qf6 Qb4+ 47.
Qf4 Qxf4+ 48. gxf4 Ne6 0-1

[Event "World Senior Chess Championship 2019 - "]
[Site "Bucharest"]
[Date "2019.11.18"]
[Round "6.93"]
[White "Ionita, Gheorghe"]
[Black "Ani, Virgil"]
[Result "0-1"]
[WhiteElo "1360"]
[BlackElo "1497"]
[PlyCount "75"]
[EventDate "2019.??.??"]

{[%evp 0,50,18,25,40,40,79,62,62,60,54,53,70,82,83,73,85,54,180,19,114,-69,-69,
-69,-61,-50,-50,-50,-50,-51,-63,-134,-80,-94,-58,-105,-105,-132,-57,-133,-142,
-171,-85,-80,-78,-147,-123,-191,-124,-186,-138,-215,-243]} 1. e4 d5 2. exd5
Qxd5 3. Nc3 Qa5 4. d4 Nf6 5. Bd2 Qb6 6. Nf3 c6 7. Bc4 Bg4 8. Na4 Qd8 9. c3 b5
10. Bxf7+ Kxf7 11. Ne5+ Kg8 12. Nxg4 bxa4 13. Ne5 Qd5 14. O-O Nbd7 15. Nf3 Qb5
16. Qc2 Rb8 17. Rab1 c5 18. c4 Qb7 19. Qf5 Qe4 20. Qh3 Qg4 21. Qxg4 Nxg4 22.
Rfe1 cxd4 23. Nxd4 Rc8 24. Rbc1 Nge5 25. c5 Nd3 26. c6 Nf6 27. Nb5 Nxe1 28.
Bxe1 a6 29. Na7 Rc7 30. Ba5 Rxa7 31. c7 Rxc7 32. Rxc7 Nd5 33. Ra7 h5 34. Rxa6
Rh6 35. Ra8 Re6 36. Bd2 Re2 37. Bc3 Nxc3 38. bxc3 0-1

[Event "World Senior Chess Championship 2019 - "]
[Site "Bucharest"]
[Date "2019.11.16"]
[Round "5.92"]
[White "Boda, Relu"]
[Black "Ionita, Gheorghe"]
[Result "1-0"]
[WhiteElo "1591"]
[BlackElo "1360"]
[PlyCount "61"]
[EventDate "2019.??.??"]

{[%evp 0,61,23,26,46,52,63,25,24,57,94,-7,16,16,13,6,-15,-22,-17,-16,-15,-53,
-42,-70,-70,-89,-79,-106,3,-34,-28,-35,-35,-21,-18,-56,-17,-65,-32,-2,-9,-2,28,
36,43,43,36,-86,111,104,110,94,123,-40,15,-49,143,-61,132,-227,-197,-410,29997,
29998]} 1. e4 c5 2. Nf3 Nc6 3. d4 cxd4 4. Nxd4 g6 5. c3 Bg7 6. Be3 Nf6 7. Bd3
O-O 8. Nd2 Ne5 9. Bc2 d5 10. Bf4 Neg4 11. h3 e5 12. hxg4 exd4 13. cxd4 Nxg4 14.
f3 Nf6 15. e5 Nh5 16. Be3 Ng3 17. Rh2 Nf5 18. Bf2 Qb6 19. Nb3 a5 20. g4 a4 21.
Nc5 Ne7 22. Nxa4 Qc7 23. Rc1 Nc6 24. f4 f6 25. Bb3 fxe5 26. Bxd5+ Kh8 27. Qd3
Qd6 28. dxe5 Nxe5 29. Qh3 h6 30. Bd4 Nxg4 31. Qxh6+ 1-0

[Event "World Senior Chess Championship 2019 - "]
[Site "Bucharest"]
[Date "2019.11.15"]
[Round "4.88"]
[White "Munar Mut, Antonio"]
[Black "Ionita, Gheorghe"]
[Result "1-0"]
[WhiteElo "1799"]
[BlackElo "1360"]
[Annotator "Radu"]
[PlyCount "59"]
[EventDate "2019.??.??"]

{[%evp 0,59,19,28,70,45,61,24,24,23,53,63,51,42,90,40,227,-14,-13,-87,-10,-18,
-9,-97,-93,-83,-74,-86,-99,-76,-104,-111,-103,-94,-50,-163,-91,-113,-107,-148,
-148,-148,-39,-28,-57,-84,-3,-95,-81,-92,-109,-109,-117,-117,-117,-875,0,-45,
199,203,210,-100]} 1. e4 c5 2. Nf3 Nc6 3. d4 cxd4 4. Nxd4 g6 5. Nc3 Bg7 6. Be3
Nf6 7. f3 Qb6 8. Qd2 Nxe4 9. Nxe4 Bxd4 10. Bxd4 Nxd4 11. Bd3 Qxb2 12. O-O Qb6
13. Kh1 d5 14. Rab1 Qc7 15. Nc3 Be6 16. Rfe1 O-O 17. Bf1 Rac8 18. Qxd4 Qxc3 19.
Qxc3 Rxc3 20. Rxb7 g5 21. Rxe7 Rxc2 22. a4 Ra2 23. Bb5 Rc8 24. Rxa7 Rcc2 25.
Rg1 Bh3 26. Bf1 d4 27. Rd7 Bf5 28. Rd5 Rxa4 29. Bb5 Rb4 30. Ba6 {unreadable}
1-0

[Event "World Senior Chess Championship 2019 - "]
[Site "Bucharest"]
[Date "2019.11.14"]
[Round "3.81"]
[White "Ionita, Gheorghe"]
[Black "Auvinen, Esa"]
[Result "0-1"]
[WhiteElo "1360"]
[BlackElo "1889"]
[PlyCount "43"]
[EventDate "2019.??.??"]

1. e4 e5 2. Nf3 Nc6 3. d4 exd4 4. c3 dxc3 5. Nxc3 Bc5 6. Bc4 Nge7 7. Qb3 O-O 8.
O-O d6 9. Ne2 Na5 10. Qd3 Nxc4 11. Qxc4 Be6 12. Qc3 Nc6 13. a3 d5 14. exd5 Bxd5
15. Be3 Bxe3 16. Qxe3 Bc4 17. Rac1 Bxe2 18. Qxe2 Qd7 19. Rc3 Rfe8 20. Re3 Re7
21. Re1 Qf5 22. g3 0-1

[Event "World Senior Chess Championship 2019 - "]
[Site "Bucharest"]
[Date "2019.11.13"]
[Round "2.54"]
[White "Sorensen, Bent"]
[Black "Ionita, Gheorghe"]
[Result "1-0"]
[WhiteElo "2043"]
[BlackElo "1360"]
[PlyCount "37"]
[EventDate "2019.??.??"]

1. Nf3 Nf6 2. g3 b6 3. Bg2 Bb7 4. O-O e6 5. c4 d5 6. cxd5 Nxd5 7. Re1 Nf6 8.
Nc3 Nbd7 9. e4 Nc5 10. d4 Ncxe4 11. Nxe4 Nxe4 12. Qa4+ Qd7 13. Qxd7+ Kxd7 14.
Ne5+ Ke7 15. Bxe4 Bxe4 16. Rxe4 h6 17. Bd2 Rc8 18. Rc1 a5 19. Rf4 1-0

[Event "World Senior Chess Championship 2019 - "]
[Site "Bucharest"]
[Date "2019.11.12"]
[Round "1.91"]
[White "Ionita, Gheorghe"]
[Black "Anguera Maestro, Jaime"]
[Result "1/2-1/2"]
[WhiteElo "1360"]
[BlackElo "2024"]
[PlyCount "56"]
[EventDate "2019.??.??"]

1. e4 d5 2. exd5 Qxd5 3. Nc3 Qd8 4. d4 Nf6 5. Bc4 Bf5 6. Qf3 Qc8 7. Bb3 e6 8.
Bg5 Nbd7 9. d5 Bb4 10. dxe6 Bxe6 11. Bxe6 fxe6 12. Nge2 O-O 13. O-O-O Bxc3 14.
Nxc3 c6 15. Rhe1 e5 16. Qg3 Kh8 17. h4 Qe8 18. Qh3 Rf7 19. h5 h6 20. Bxf6 Nxf6
21. g4 Qe6 22. f3 Rd8 23. Qh2 Nd7 24. g5 hxg5 25. Ne4 Qf5 26. Nd6 Qf4+ 27. Qxf4
Rxf4 28. Nxb7 Nb6 1/2-1/2

[Event "Alba Iulia"]
[Site "?"]
[Date "2019.10.31"]
[Round "5.22"]
[White "Anuta, Laurentiu "]
[Black "Ionita, Gheorghe"]
[Result "1-0"]
[WhiteElo "1825"]
[BlackElo "1360"]
[Annotator "Anuta Laurentiu"]
[PlyCount "66"]
[EventDate "2019.??.??"]

1. d4 Nf6 2. Nf3 e6 3. Bg5 d5 4. e3 Be7 5. Bd3 h6 6. Bh4 Nbd7 7. Nbd2 c5 8. c3
c4 9. Bc2 g5 10. Bg3 Nh5 11. Be5 Nxe5 12. Nxe5 Nf6 13. Ba4+ Bd7 14. Nxd7 Nxd7
15. e4 Qc7 16. exd5 exd5 17. Qf3 Qd6 18. O-O Rf8 19. b3 O-O-O 20. Bxd7+ Rxd7
21. bxc4 h5 22. Qf5 g4 23. cxd5 Qxd5 24. Qxd5 Rxd5 25. Rfe1 Bd6 26. Ne4 Bf4 27.
f3 gxf3 28. gxf3 h4 29. h3 Rg5+ 30. Kh1 Rd5 31. a4 b6 32. a5 bxa5 33. Ra4 Kb7 {
...} 1-0

[Event "Finale Veterani Techirghiol"]
[Site "?"]
[Date "2019.07.01"]
[Round "4.13"]
[White "Anuta, Laurentiu "]
[Black "Ionita, Gheorghe"]
[Result "1-0"]
[WhiteElo "1839"]
[BlackElo "1443"]
[Annotator "Anuta Laurentiu"]
[PlyCount "79"]
[EventDate "2019.08.19"]

1. d4 Nf6 2. Nf3 e6 3. Bg5 d5 4. e3 Bb4+ 5. c3 Bd6 6. Nbd2 Nbd7 7. e4 dxe4 8.
Nxe4 b6 9. Nxd6+ cxd6 10. Bb5 h6 11. Bh4 O-O 12. O-O Qc7 13. Re1 Bb7 14. Nd2 a6
15. Ba4 b5 16. Bc2 Rae8 17. f3 Nd5 18. a3 f5 19. Nf1 N7f6 20. Bxf6 Rxf6 21. Ng3
Qf7 22. Qd2 Qg6 23. Kh1 h5 24. Ne2 Ne7 25. Ng1 h4 26. Qf4 Qh5 27. Bb3 Nd5 28.
Bxd5 Bxd5 29. Qxd6 h3 30. Nxh3 Bxf3 31. Nf4 Qg4 32. gxf3 Qxf3+ 33. Ng2 Rg6 34.
Rg1 Rh6 35. Qf4 Qd5 36. Rae1 Kf7 37. Re5 Qb7 38. Rc5 Kg6 39. Rc7 Qa8 40. Qg3+
1-0

[Event "Romania National Chess Championship 201"]
[Site "Olanesti, Hotel Parang"]
[Date "2019.03.08"]
[Round "7.20"]
[White "Ionita, Gheorghe"]
[Black "Albu, George"]
[Result "0-1"]
[WhiteElo "1431"]
[BlackElo "2011"]
[PlyCount "86"]
[EventDate "2019.03.02"]
[EventRounds "9"]

1. e4 c5 2. c3 e6 3. d4 d5 4. e5 Nc6 5. Be3 Nge7 6. Bd3 Nf5 7. Nf3 cxd4 8. cxd4
Qb6 9. Bxf5 exf5 10. b3 Bb4+ 11. Nbd2 f4 12. Bxf4 Nxd4 13. O-O Bg4 14. Be3 Bc5
15. b4 Nxf3+ 16. gxf3 Bxe3 17. fxg4 Bf4 18. Nf3 O-O 19. Qxd5 Rad8 20. Qe4 Qh6
21. h4 g5 22. hxg5 Bxg5 23. Qf5 Be7 24. Kg2 Qg6 25. Qf4 f5 26. g5 Rc8 27. Rh1
Qf7 28. Rh6 Rc4 29. Nd4 Qd5+ 30. Qf3 Rxd4 31. Qxd5+ Rxd5 32. Rah1 Rf7 33. g6
Rg7 34. Rxh7 Rxg6+ 35. Kf3 Rxe5 36. Rh8+ Kf7 37. Rb8 Rb5 38. a3 Bf8 39. Rc8 Rc6
40. Rxc6 bxc6 41. Rc1 c5 42. bxc5 Rxc5 43. Rxc5 Bxc5 0-1

[Event "Romania National Chess Championship 201"]
[Site "Olanesti, Hotel Parang"]
[Date "2019.03.05"]
[Round "4.18"]
[White "Ionita, Gheorghe"]
[Black "Helmer, Janos"]
[Result "0-1"]
[WhiteElo "1431"]
[BlackElo "2024"]
[PlyCount "48"]
[EventDate "2019.03.02"]
[EventRounds "9"]

1. e4 c5 2. c3 Nf6 3. e5 Nd5 4. d4 cxd4 5. cxd4 d6 6. f4 Nc6 7. Bc4 Nb6 8. b3
dxe5 9. d5 Nd4 10. Nc3 e6 11. dxe6 Bxe6 12. Bxe6 Nxe6 13. fxe5 Qxd1+ 14. Nxd1
Nd4 15. Ne3 Rc8 16. Ne2 Nc6 17. e6 fxe6 18. O-O Bc5 19. Kh1 Rf8 20. Bd2 Rd8 21.
Rfd1 Rf2 22. Nc3 Rfxd2 23. Rxd2 Rxd2 24. Ne4 Bxe3 0-1

[Event "Romania National Chess Championship 201"]
[Site "Olanesti, Hotel Parang"]
[Date "2019.03.04"]
[Round "3.16"]
[White "Carasca, Bogdan-Petru"]
[Black "Ionita, Gheorghe"]
[Result "1-0"]
[WhiteElo "2176"]
[BlackElo "1431"]
[PlyCount "57"]
[EventDate "2019.03.02"]
[EventRounds "9"]

1. d4 Nf6 2. c4 e6 3. Nf3 d5 4. Nc3 Bb4 5. e3 Ne4 6. Qc2 Nd7 7. Be2 dxc4 8.
Qxe4 Nf6 9. Qc2 Bd7 10. O-O Bc6 11. Ne5 Qd6 12. Nxc6 Qxc6 13. Qa4 Qxa4 14. Nxa4
b5 15. Bf3 Rd8 16. Bc6+ Ke7 17. Bxb5 Rd5 18. Bxc4 Rh5 19. Be2 Rh4 20. Nc5 g5
21. g3 Rh3 22. Kg2 Rh6 23. e4 Rg6 24. Nd3 Ba5 25. Ne5 Bb6 26. Nxg6+ hxg6 27.
Bxg5 Bxd4 28. Rfd1 e5 29. Rxd4 1-0

[Event "Festivalul International de sah Arad 20"]
[Site "Arad"]
[Date "2016.08.10"]
[Round "7.76"]
[White "Bogdan, Horia-Daniel"]
[Black "Ionita, Gheorghe"]
[Result "1-0"]
[WhiteElo "1879"]
[BlackElo "1604"]
[PlyCount "121"]
[EventDate "2016.08.06"]

1. d4 Nf6 2. Bg5 e6 3. e4 h6 4. Bxf6 Qxf6 5. c3 c5 6. Nf3 cxd4 7. cxd4 Bb4+ 8.
Nc3 O-O 9. Bd3 b6 10. O-O Bxc3 11. bxc3 Bb7 12. e5 Qe7 13. Nd2 d6 14. f4 dxe5
15. fxe5 Nd7 16. Qg4 Rad8 17. Ne4 Nxe5 18. Qg3 Nxd3 19. Qxd3 e5 20. Rae1 exd4
21. Nf6+ Qxf6 22. Rxf6 gxf6 23. cxd4 Rd5 24. Re7 Bc6 25. Qe3 Rg5 26. g3 a6 27.
Qf4 Kg7 28. a3 Rc8 29. Rc7 Rxc7 30. Qxc7 Bb5 31. Qxb6 Rf5 32. Qb7 Bf1 33. h4
Bh3 34. Qxa6 Rf3 35. Qd6 h5 36. a4 Rf1+ 37. Kh2 Bg4 38. Kg2 Ra1 39. Qc6 Ra3 40.
Kf2 Ra2+ 41. Ke3 Bd1 42. Qc5 Bxa4 43. Qxh5 Ra3+ 44. Kf4 Bc6 45. Qg4+ Kh6 46.
Qe2 Bd5 47. g4 Kg6 48. Qc2+ Kh6 49. g5+ fxg5+ 50. hxg5+ Kg7 51. Qe2 Be6 52.
Qe5+ Kh7 53. Qe4+ Kg7 54. d5 Bd7 55. Qe5+ Kg8 56. Qb8+ Kh7 57. Qf8 Ra4+ 58. Ke3
Ra7 59. Qxf7+ Kh8 60. g6 Ra4 61. Qh7# 1-0

[Event "Festivalul International de sah Arad 20"]
[Site "Arad"]
[Date "2016.08.08"]
[Round "4.76"]
[White "Anuta, Laurentiu "]
[Black "Ionita, Gheorghe"]
[Result "1-0"]
[WhiteElo "1955"]
[BlackElo "1604"]
[PlyCount "56"]
[EventDate "2016.08.06"]

1. d4 Nf6 2. Nf3 e6 3. Bg5 d5 4. e3 a6 5. Bd3 c5 6. c3 h6 7. Bh4 Bd6 8. Nbd2
Nbd7 9. O-O e5 10. dxe5 Nxe5 11. Nxe5 Bxe5 12. Nf3 Bg4 13. h3 Bxf3 14. Qxf3 Qd6
15. Bxf6 gxf6 16. Bf5 Rg8 17. Rad1 Rd8 18. Kh1 Ke7 19. c4 Bxb2 20. Rxd5 Qc6 21.
Rb1 Be5 22. Rxb7+ Qxb7 23. Rxe5+ fxe5 24. Qxb7+ Kf8 25. Qc7 Rd1+ 26. Kh2 Kg7
27. Qxc5 Kh8 28. Qxe5+ Rg7 1-0

[Event "Festivalul International de sah Arad 20"]
[Site "Arad"]
[Date "2016.08.07"]
[Round "3.51"]
[White "Andreescu, Darie-Ioan"]
[Black "Ionita, Gheorghe"]
[Result "1-0"]
[WhiteElo "2213"]
[BlackElo "1604"]
[PlyCount "43"]
[EventDate "2016.08.06"]

1. d4 Nf6 2. c4 e6 3. Nc3 Bb4 4. e3 d5 5. Nge2 c5 6. a3 Bxc3+ 7. Nxc3 dxc4 8.
Bxc4 cxd4 9. exd4 Bd7 10. O-O O-O 11. Bg5 h6 12. Bh4 g5 13. Bg3 Bc6 14. f4 Qa5
15. Qd2 g4 16. f5 Kg7 17. fxe6 fxe6 18. Bd6 Nbd7 19. Bxf8+ Rxf8 20. Bxe6 Rd8
21. d5 Nxd5 22. Rf7+ 1-0

[Event "Festivalul International de sah Arad 20"]
[Site "Arad"]
[Date "2016.08.07"]
[Round "2.75"]
[White "Ionita, Gheorghe"]
[Black "Balan, Bogdan"]
[Result "0-1"]
[WhiteElo "1604"]
[BlackElo "1753"]
[PlyCount "59"]
[EventDate "2016.08.06"]

1. e4 c5 2. c3 Nf6 3. e5 Nd5 4. d4 cxd4 5. cxd4 d6 6. f4 Nc6 7. Nc3 dxe5 8.
fxe5 e6 9. Nf3 Be7 10. a3 O-O 11. Bd3 f5 12. O-O Kh8 13. Qe1 Rg8 14. Ne2 g5 15.
h3 g4 16. hxg4 Rxg4 17. Nh2 Rg7 18. Rf3 Qg8 19. Rg3 Nxd4 20. Rxg7 Nxe2+ 21.
Qxe2 Qxg7 22. Bd2 Bd7 23. Rf1 Bc6 24. Bb5 Bc5+ 25. Kh1 Rg8 26. Bxc6 bxc6 27.
Rc1 Be3 28. Bxe3 Nxe3 29. Rxc6 Nxg2 30. Rc1 0-1

[Event "Open ARAD"]
[Site "?"]
[Date "2015.08.09"]
[Round "6.79"]
[White "Anuta, Laurentiu "]
[Black "Ionita, Gheorghe"]
[Result "1-0"]
[WhiteElo "1907"]
[BlackElo "1658"]
[Annotator "Anuta Laurentiu"]
[PlyCount "93"]
[EventDate "2015.08.20"]

1. d4 Nf6 2. Nf3 e6 3. Bg5 d5 4. e3 Bb4+ 5. c3 Be7 6. Bd3 c5 7. Nbd2 Nbd7 8.
Rc1 c4 9. Bb1 h6 10. Bh4 Bd6 11. e4 Bf4 12. e5 g5 13. Bg3 Nh5 14. Ng1 Nxg3 15.
hxg3 Bxd2+ 16. Qxd2 f6 17. Bg6+ Ke7 18. f4 Qg8 19. Bh5 g4 20. b3 Nb6 21. exf6+
Kxf6 22. Qe2 Bd7 23. Qe5+ Ke7 24. Ne2 Rf8 25. Rh4 Rf5 26. Qc7 Rxh5 27. Rxh5 Qg6
28. Qe5 Rf8 29. f5 Rxf5 30. Rxf5 Qxf5 31. Qxf5 exf5 32. Nf4 Kd6 33. Kf2 Nc8 34.
Rh1 Kc6 35. Rxh6+ Nd6 36. Ke3 b5 37. Ne2 a5 38. Kf4 Kc7 39. Rh7 Ne4 40. Ke5 b4
41. cxb4 axb4 42. Nf4 c3 43. Nxd5+ Kc6 44. Nxb4+ Kb5 45. Nc2 Bc6 46. Rh6 Nxg3
47. a4+ 1-0

[Event "OPEN IASI 2014"]
[Site "OPEN IASI 2014"]
[Date "2014.05.13"]
[Round "4.96"]
[White "Ionita, Gheorghe"]
[Black "Coman, Emilia-Florentina"]
[Result "0-1"]
[WhiteElo "1607"]
[BlackElo "1732"]
[PlyCount "54"]
[EventDate "2014.??.??"]

1. e4 e6 2. d4 d5 3. Nc3 Nf6 4. Bg5 Be7 5. Bxf6 Bxf6 6. e5 Be7 7. f4 c5 8. Qg4
O-O 9. Nf3 cxd4 10. Nxd4 Qb6 11. O-O-O Nc6 12. Nf3 a5 13. Bd3 Nb4 14. Ng5 Bxg5
15. Bxh7+ Kxh7 16. fxg5 Qe3+ 17. Rd2 Rh8 18. Rf1 Kg8 19. g6 Bd7 20. Rxf7 Rxh2
21. Rxd7 Nxa2+ 22. Kb1 Nxc3+ 23. bxc3 Qxd2 24. Qxe6+ Kh8 25. Kb2 Rh1 26. Rxg7
Qc1+ 27. Kb3 Qb1+ 0-1

[Event "OPEN IASI 2014"]
[Site "OPEN IASI 2014"]
[Date "2014.05.12"]
[Round "3.87"]
[White "Arghirescu , Marius "]
[Black "Ionita, Gheorghe"]
[Result "1-0"]
[WhiteElo "1844"]
[BlackElo "1607"]
[PlyCount "49"]
[EventDate "2014.??.??"]

1. e4 e5 2. Nf3 Nc6 3. Bb5 Nf6 4. d3 Nd4 5. Nxd4 exd4 6. e5 Nd5 7. O-O b6 8.
Qf3 Bb7 9. Bc4 c6 10. Nd2 Qc7 11. Re1 O-O-O 12. Qxf7 Nb4 13. Bb3 c5 14. Nc4 Qc6
15. f3 h6 16. e6 Nd5 17. Ne5 Qd6 18. exd7+ Kb8 19. Ba4 Qc7 20. Ng6 Bd6 21. f4
Rhg8 22. Re8 Nf6 23. Rxg8 Rxg8 24. Bb3 Qc6 25. Qxg8+ 1-0

[Event "OPEN IASI 2014"]
[Site "Iasi"]
[Date "2014.05.11"]
[Round "2.77"]
[White "Ionita, Gheorghe"]
[Black "Moga, Victor-Emilian"]
[Result "0-1"]
[WhiteElo "1607"]
[BlackElo "1897"]
[PlyCount "68"]
[EventDate "2014.??.??"]

1. e4 c5 2. c3 Nc6 3. d4 cxd4 4. cxd4 e6 5. f4 Nf6 6. Nc3 Bb4 7. e5 Ne4 8. Qb3
Qh4+ 9. g3 Nxg3 10. hxg3 Qxh1 11. Nge2 Qf3 12. Bd2 a6 13. O-O-O Be7 14. d5 exd5
15. Nxd5 Qxb3 16. axb3 Bd8 17. Nec3 O-O 18. Bd3 Nd4 19. Be3 Nc6 20. Rh1 g6 21.
Ne4 Kg7 22. f5 h5 23. f6+ Kg8 24. Bf4 d6 25. Nxd6 Be6 26. Ne3 Bb6 27. Nec4 Bd4
28. Ne4 b5 29. Ne3 Nxe5 30. Bxe5 Bxe5 31. Bc2 Rac8 32. Kb1 Bd4 33. Ng2 Bf5 34.
Rf1 Rxc2 0-1

[Event "OPEN IASI 2014"]
[Site "Iasi"]
[Date "2014.05.10"]
[Round "1.77"]
[White "Andreoni, Giuseppe"]
[Black "Ionita, Gheorghe"]
[Result "1-0"]
[WhiteElo "2138"]
[BlackElo "1607"]
[PlyCount "99"]
[EventDate "2014.??.??"]

1. e4 c5 2. Nf3 Nc6 3. Bb5 g6 4. O-O Bg7 5. Re1 e6 6. Nc3 Nge7 7. d3 O-O 8. Bg5
f6 9. Be3 b6 10. d4 cxd4 11. Nxd4 Bb7 12. Qd2 f5 13. exf5 Nxf5 14. Nxf5 Rxf5
15. Bd3 Rh5 16. Be2 Rf5 17. Rad1 d5 18. Bg4 d4 19. Bxf5 exf5 20. Bg5 dxc3 21.
Qxd8+ Nxd8 22. bxc3 Nf7 23. Bf4 Bxc3 24. Re7 Be4 25. Rdd7 Rf8 26. Rxa7 g5 27.
Be3 b5 28. Rec7 b4 29. Bc5 Rd8 30. f3 Rd1+ 31. Kf2 Bd5 32. Rc8+ Kg7 33. Bf8+
Kf6 34. Ra6+ Be6 35. Re8 Re1 36. Be7+ Kg6 37. Bc5 Kf6 38. Bd4+ Bxd4+ 39. Kxe1
Bc3+ 40. Ke2 Nd8 41. Rxd8 Ke7 42. Re8+ Kxe8 43. Rxe6+ Kf7 44. Rc6 Bf6 45. Kd3
h5 46. Kc4 Bc3 47. a4 h4 48. a5 g4 49. fxg4 fxg4 50. h3 1-0

[Event "Iasi ROM, World Amateur Ch"]
[Site "Iasi ROM"]
[Date "2013.04.29"]
[Round "8.77"]
[White "Kirmeir, Andreas"]
[Black "Ionita, Gheorghe"]
[Result "1-0"]
[WhiteElo "1771"]
[BlackElo "1616"]
[PlyCount "75"]
[EventDate "2013.04.22"]
[EventType "swiss"]
[EventRounds "9"]
[EventCountry "ROM"]

1. b3 e5 2. Bb2 Nc6 3. e3 f5 4. d3 Nf6 5. g3 Bc5 6. a3 O-O 7. Ne2 Ng4 8. d4
exd4 9. Nxd4 Nxd4 10. Bxd4 Bxd4 11. Qxd4 d5 12. Nc3 c6 13. Be2 Qd6 14. b4 Qh6
15. h3 Bd7 16. Na4 b6 17. Nb2 Rae8 18. Bxg4 fxg4 19. h4 Re4 20. Qd2 Qf6 21. c3
Be6 22. Nd3 d4 23. cxd4 Qxd4 24. O-O Qd6 25. Qc2 Rc4 26. Qd1 Bf5 27. Nf4 Qf6
28. Re1 h6 29. Rc1 Re4 30. h5 g5 31. hxg6 Bxg6 32. Qxg4 Kh7 33. Qxg6+ Qxg6 34.
Nxg6 Kxg6 35. Rxc6+ Kg5 36. Rd1 Re7 37. Rd5+ Kg4 38. Kg2 1-0

[Event "Iasi ROM, World Amateur Ch"]
[Site "Iasi ROM"]
[Date "2013.04.28"]
[Round "7.87"]
[White "Olinici, Ecaterina"]
[Black "Ionita, Gheorghe"]
[Result "1/2-1/2"]
[WhiteElo "1399"]
[BlackElo "1616"]
[PlyCount "94"]
[EventDate "2013.04.22"]
[EventType "swiss"]
[EventRounds "9"]
[EventCountry "ROM"]

1. e4 c5 2. Nf3 Nc6 3. c3 d5 4. exd5 Qxd5 5. d4 Bg4 6. Be2 Nf6 7. O-O e6 8. Be3
c4 9. Nbd2 b5 10. b3 cxb3 11. axb3 Bd6 12. c4 bxc4 13. bxc4 Qh5 14. h3 Bxh3 15.
Ne5 Bg4 16. Bxg4 Nxg4 17. Qxg4 Qxg4 18. Nxg4 f5 19. Nh2 f4 20. Ne4 fxe3 21.
Nxd6+ Ke7 22. Nb5 a6 23. d5 axb5 24. dxc6 exf2+ 25. Kxf2 Rhf8+ 26. Kg1 Rxf1+
27. Rxf1 bxc4 28. Rc1 Ra4 29. Nf3 Kd6 30. Nd2 Kxc6 31. Nxc4 Kb7 32. Nd6+ Kb6
33. Re1 Ra6 34. Rxe6 Kc5 35. Ne4+ Kb5 36. Nc3+ Ka5 37. Re5+ Kb4 38. Nd5+ Kc4
39. Ne7 Kd4 40. Rg5 g6 41. Rg3 Ke4 42. Rh3 Re6 43. Rxh7 Kf4 44. Nd5+ Kg3 45.
Rh3+ Kg4 46. Ne3+ Kf4 47. Rf3+ Kg5 1/2-1/2